000 00432nam a2200181Ia 4500
001 22728
005 20260414150850.0
008 260414t2008||||xx |||||||||||||| ||spa||
041 _aESP
082 _a621.388
_bB42
100 _aBenassini Félix, Claudia
_eAUT
245 0 _aTelevisión por internet
_b
260 _c2008
300 _a132 páginas :
_c23 cm.
650 _aTCA
654 _aCET
942 _cLIB
_dJUS
_fJUS
_2ddc
_n
999 _c22728
_d22728